LEADER 03081nam 2200697Ia 450 001 9910454720803321 005 20200520144314.0 010 $a0-8173-8271-2 035 $a(CKB)1000000000774927 035 $a(EBL)454531 035 $a(OCoLC)425968187 035 $a(SSID)ssj0000357220 035 $a(PQKBManifestationID)12143968 035 $a(PQKBTitleCode)TC0000357220 035 $a(PQKBWorkID)10351245 035 $a(PQKB)10241731 035 $a(SSID)ssj0000112589 035 $a(PQKBManifestationID)11134297 035 $a(PQKBTitleCode)TC0000112589 035 $a(PQKBWorkID)10087768 035 $a(PQKB)10513226 035 $a(MiAaPQ)EBC454531 035 $a(MdBmJHUP)muse9235 035 $a(Au-PeEL)EBL454531 035 $a(CaPaEBR)ebr10309824 035 $a(EXLCZ)991000000000774927 100 $a19850906d1986 uy 0 101 0 $aeng 135 $aur|n|---||||| 181 $ctxt 182 $cc 183 $acr 200 10$aBirmingham's rabbi$b[electronic resource] $eMorris Newfield and Alabama, 1895-1940 /$fMark Cowett 210 $aUniversity, AL $cUniversity of Alabama Press$dc1986 215 $a1 online resource (240 p.) 225 1 $aJudaic studies series 300 $aIncludes index. 311 $a0-8173-5003-9 311 $a0-8173-0284-0 320 $aIncludes bibliography and index. 327 $aCONTENTS; Illustrations; Acknowledgments; Preface; ONE The Early Years: From Hungary through Hebrew Union College; TWO A Leader of Birmingham Jews, 1895-1914; THREE Newfield the Man; FOUR A Leader in Birmingham, 1895-1920; FIVE A Leading Social Worker in Alabama, 1909-1940; SIX A Moderate in Times of Reactive and Radical Change, 1920-1940; SEVEN Altered Attitudes toward Zionism, 1895-1938; Conclusion; Notes; Bibliography; Index 330 $aAmerican Jewish history has been criticized for its parochial nature because it has consisted largely of chronicles of American Jewish life and has often failed to explore the relationship between Jews and other ethnic groups in America. Rabbi Morris Newfield led Temple Emanu-El in Birmingham from 1895-1940 and was counted among the most influential religious and social leaders of that city. Cowett chronicles Newfield's career and uses it as a vehicle to explore the nature of ethnic leadership in America. In doing so he explores the conflicts with which Newfield stru 410 0$aJudaic studies series (Unnumbered) 606 $aRabbis$zAlabama$zBirmingham$vBiography 606 $aJews$zAlabama$zBirmingham$xPolitics and government 607 $aBirmingham (Ala.)$vBiography 607 $aBirmingham (Ala.)$xEthnic relations 608 $aElectronic books. 615 0$aRabbis 615 0$aJews$xPolitics and government. 676 $a296.61 676 $a296.8/32/0924 676 $a296.8320924 700 $aCowett$b Mark$f1951-$01031329 801 0$bMiAaPQ 801 1$bMiAaPQ 801 2$bMiAaPQ 906 $aBOOK 912 $a9910454720803321 996 $aBirmingham's rabbi$92448653 997 $aUNINA LEADER 01354nam 2200373Ia 450 001 996388251103316 005 20221108081350.0 035 $a(CKB)1000000000635735 035 $a(EEBO)2240951994 035 $a(OCoLC)13448559 035 $a(EXLCZ)991000000000635735 100 $a19860417d1695 uy | 101 0 $aeng 135 $aurbn||||a|bb| 200 14$aThe royal grammar reformed into a more easie method for the better understanding of the English$b[electronic resource] $eand more speedy attainment of the Latin tongue 210 $aLondon $cPrinted by J. Heptinstall, for A. and J. Churchill ...$d1695 215 $a[16], 94, 50, 20, [2] p 300 $aAttributed to Maurice Wheeler. Cf. NUC pre-1956. 300 $aAttributed also to William Lily. 300 $aReproduction of original in Bodleian Library. 330 $aeebo-0014 606 $aLatin language$xGrammar$vEarly works to 1800 615 0$aLatin language$xGrammar 700 $aWheeler$b Maurice$f1647 or 8-1727.$01001141 701 $aLily$b William$f1468?-1522.$0841046 801 0$bEAA 801 1$bEAA 801 2$bm/c 801 2$bUMI 801 2$bWaOLN 906 $aBOOK 912 $a996388251103316 996 $aThe royal grammar reformed into a more easie method for the better understanding of the English$92388095 997 $aUNISA LEADER 04332nam 22007095 450 001 9910299778503321 005 20251116140222.0 010 $a3-319-11026-8 024 7 $a10.1007/978-3-319-11026-4 035 $a(CKB)3710000000311622 035 $a(EBL)1968164 035 $a(OCoLC)908088884 035 $a(SSID)ssj0001408243 035 $a(PQKBManifestationID)11914747 035 $a(PQKBTitleCode)TC0001408243 035 $a(PQKBWorkID)11346944 035 $a(PQKB)11178496 035 $a(DE-He213)978-3-319-11026-4 035 $a(MiAaPQ)EBC1968164 035 $a(PPN)183153545 035 $a(EXLCZ)993710000000311622 100 $a20141201d2015 u| 0 101 0 $aeng 135 $aur|n|---||||| 181 $ctxt 182 $cc 183 $acr 200 10$aElementary Symplectic Topology and Mechanics /$fby Franco Cardin 205 $a1st ed. 2015. 210 1$aCham :$cSpringer International Publishing :$cImprint: Springer,$d2015. 215 $a1 online resource (237 p.) 225 1 $aLecture Notes of the Unione Matematica Italiana,$x1862-9113 ;$v16 300 $aDescription based upon print version of record. 311 08$a3-319-11025-X 320 $aIncludes bibliographical references. 327 $aBeginning -- Notes on Differential Geometry -- Symplectic Manifolds -- Poisson brackets environment -- Cauchy Problem for H-J equations -- Calculus of Variations and Conjugate Points -- Asymptotic Theory of Oscillating Integrals -- Lusternik-Schnirelman and Morse -- Finite Exact Reductions -- Other instances -- Bibliography. 330 $aThis is a short tract on the essentials of differential and symplectic geometry together with a basic introduction to several applications of this rich framework: analytical mechanics, the calculus of variations, conjugate points & Morse index, and other physical topics. A central feature is the systematic utilization of Lagrangian submanifolds and their Maslov-Hörmander generating functions. Following this line of thought, first introduced by Wlodemierz Tulczyjew, geometric solutions of Hamilton-Jacobi equations, Hamiltonian vector fields and canonical transformations are described by suitable Lagrangian submanifolds belonging to distinct well-defined symplectic structures. This unified point of view has been particularly fruitful in symplectic topology, which is the modern Hamiltonian environment for the calculus of variations, yielding sharp sufficient existence conditions. This line of investigation was initiated by Claude Viterbo in 1992; here, some primary consequences of this theory are exposed in Chapter 8: aspects of Poincaré's last geometric theorem and the Arnol'd conjecture are introduced. In Chapter 7 elements of the global asymptotic treatment of the highly oscillating integrals for the Schrödinger equation are discussed: as is well known, this eventually leads to the theory of Fourier Integral Operators. This short handbook is directed toward graduate students in Mathematics and Physics and to all those who desire a quick introduction to these beautiful subjects. 410 0$aLecture Notes of the Unione Matematica Italiana,$x1862-9113 ;$v16 606 $aMathematical physics 606 $aGeometry, Differential 606 $aCalculus of variations 606 $aMathematical Physics$3https://scigraph.springernature.com/ontologies/product-market-codes/M35000 606 $aDifferential Geometry$3https://scigraph.springernature.com/ontologies/product-market-codes/M21022 606 $aCalculus of Variations and Optimal Control; Optimization$3https://scigraph.springernature.com/ontologies/product-market-codes/M26016 615 0$aMathematical physics. 615 0$aGeometry, Differential. 615 0$aCalculus of variations. 615 14$aMathematical Physics. 615 24$aDifferential Geometry. 615 24$aCalculus of Variations and Optimal Control; Optimization. 676 $a510 676 $a515.64 676 $a516.36 676 $a530.15 700 $aCardin$b Franco$4aut$4http://id.loc.gov/vocabulary/relators/aut$0722324 801 0$bMiAaPQ 801 1$bMiAaPQ 801 2$bMiAaPQ 906 $aBOOK 912 $a9910299778503321 996 $aElementary Symplectic Topology and Mechanics$91564840 997 $aUNINA